Global capitalism : (Record no. 6737)

MARC details
000 -LEADER
fixed length control field 01538cam a22003734a 4500
001 - CONTROL NUMBER
control field 16450572
003 - CONTROL NUMBER IDENTIFIER
control field OSt
005 - DATE AND TIME OF LATEST TRANSACTION
control field 20200311105702.0
008 - FIXED-LENGTH DATA ELEMENTS--GENERAL INFORMATION
fixed length control field 100908s2010 enka b 001 0 eng c
010 ## - LIBRARY OF CONGRESS CONTROL NUMBER
LC control number 2010282471
020 ## - INTERNATIONAL STANDARD BOOK NUMBER
International Standard Book Number 9780745644509
020 ## - INTERNATIONAL STANDARD BOOK NUMBER
International Standard Book Number 0745644503
020 ## - INTERNATIONAL STANDARD BOOK NUMBER
International Standard Book Number 9780745644516 (pbk.)
020 ## - INTERNATIONAL STANDARD BOOK NUMBER
International Standard Book Number 0745644511 (pbk.)
035 ## - SYSTEM CONTROL NUMBER
System control number (OCoLC)ocn548626239
040 ## - CATALOGING SOURCE
Original cataloging agency YDXCP
Transcribing agency PUL
Modifying agency YDXCP
-- OCLCQ
-- NLGGC
-- BWX
-- BWK
-- CDX
-- STF
-- NTE
-- DLC
042 ## - AUTHENTICATION CODE
Authentication code pcc
082 00 - DEWEY DECIMAL CLASSIFICATION NUMBER
Classification number 330.12
Edition number 22
Item number CEN 2010
100 1# - MAIN ENTRY--PERSONAL NAME
Personal name Centeno, Miguel Angel,
Dates associated with a name 1957-
9 (RLIN) 13825
245 10 - TITLE STATEMENT
Title Global capitalism :
Remainder of title a sociological perspective /
Statement of responsibility, etc. Miguel A. Centeno, Joseph N. Cohen.
260 ## - PUBLICATION, DISTRIBUTION, ETC. (IMPRINT)
Place of publication, distribution, etc. Cambridge ;
-- Malden, MA :
Name of publisher, distributor, etc. Polity,
Date of publication, distribution, etc. 2010.
300 ## - PHYSICAL DESCRIPTION
Extent ix, 246 p. :
Other physical details ill. ;
Dimensions 22 cm.
504 ## - BIBLIOGRAPHY, ETC. NOTE
Bibliography, etc Includes bibliographical references (p. 213-231) and index.
505 0# - FORMATTED CONTENTS NOTE
Formatted contents note Global capitalism -- Trade -- Finance and wealth -- Marketing and consumption -- Governance -- Inequality -- Living with limits.
650 #0 - SUBJECT ADDED ENTRY--TOPICAL TERM
Topical term or geographic name as entry element Capitalism
General subdivision Social aspects.
9 (RLIN) 13826
650 #0 - SUBJECT ADDED ENTRY--TOPICAL TERM
Topical term or geographic name as entry element Globalization
General subdivision Social aspects.
9 (RLIN) 13827
650 #0 - SUBJECT ADDED ENTRY--TOPICAL TERM
Topical term or geographic name as entry element International economic relations.
9 (RLIN) 1023
700 1# - ADDED ENTRY--PERSONAL NAME
Personal name Cohen, Joseph Nathan,
Dates associated with a name 1976-
9 (RLIN) 13828
856 42 - ELECTRONIC LOCATION AND ACCESS
Materials specified Publisher description
Uniform Resource Identifier http://www.loc.gov/catdir/enhancements/fy1013/2010282471-d.html
856 41 - ELECTRONIC LOCATION AND ACCESS
Materials specified Table of contents only
Uniform Resource Identifier http://www.loc.gov/catdir/enhancements/fy1013/2010282471-t.html
906 ## - LOCAL DATA ELEMENT F, LDF (RLIN)
a 7
b cbc
c pccadap
d 2
e ncip
f 20
g y-gencatlg
942 ## - ADDED ENTRY ELEMENTS (KOHA)
Source of classification or shelving scheme Dewey Decimal Classification
Koha item type Open Shelf
Holdings
Withdrawn status Lost status Source of classification or shelving scheme Damaged status Not for loan Home library Current library Date acquired Source of acquisition Inventory number Total Checkouts Full call number Barcode Date last seen Price effective from Koha item type
    Dewey Decimal Classification     MUST Main Library MUST Main Library 11/03/2020 Donation 2014/38939   330.12 CEN 2010 2020-0677 11/03/2020 11/03/2020 Open Shelf